000 00627nam a22002177a 4500
003 UA-OsUOA
001 116128
007 ta
008 20160210b un ||||| |||| 00| 0 ukr d
100 _aКулинич Р.
090 _a330(477)
_bК90
942 _cSA
040 _aUA-OsUOA
_bukr
_cUA-OsUOA
_dUA-OsUOA
245 _aМетодика оцінювання стійкості обмінного курсу валют
300 _aС.97
955 _a0
041 _aukr
080 _a330(477)
773 0 _w116122
_tБанківська справа
_dК.
_d2015
_g6
650 7 _a330 Економіка взагалі
_2UDC
999 _c401942
_d401942